| 000 | 00000cam 2200000zi 4500 |
| 001 | 9.911078 |
| 003 | CaOODSP |
| 005 | 20260206112955 |
| 006 | m o d f |
| 007 | cr ||||||||||| |
| 008 | 220512t19921992onca ob f000 0 eng d |
| 020 | |a0662200659|qprint |
| 040 | |aCaOODSP|beng|erda|cCaOODSP |
| 041 | |aeng|bfre|beng |
| 043 | |an-cn--- |
| 086 | 1 |aEn49-9/1-6E-PDF|zEn49-9/1-6E |
| 245 | 00|aEnvironmental codes of practice for steam electric power generation : |bdecommissioning phase. |
| 264 | 1|aOttawa : |bIndustrial Programs Branch, Conservation and Protection, Environment Canada, |c1992. |
| 264 | 4|c©1992 |
| 300 | |a1 online resource (xii, 62 pages) : |billustrations. |
| 336 | |atext|btxt|2rdacontent |
| 337 | |acomputer|bc|2rdamedia |
| 338 | |aonline resource|bcr|2rdacarrier |
| 490 | 1 |aReport ; |vEPS 1/PG/6 |
| 500 | |aDigitized edition from print [produced by Environment and Climate Change Canada]. |
| 500 | |a"November 1992." |
| 500 | |a"Environmental Protection Series"--Cover. |
| 500 | |aIssued also in French under title: Code de recommandations techniques pour la protection de l'environnement applicable aux centrales thermiques- phase de la mise hors service. |
| 504 | |aIncludes bibliographical references (pages 52-53). |
| 520 | 3 |a"The Environmental Codes of Practice for Steam Electric Power Generation - Decommissioning Phase is the fifth in a series of five documents developed for the steam electric power generation (SEPG) industry under Part I, Section 8 of the Canadian Environmental Protection Act. This industry includes fossil-fuelled stations (i.e., those powered with wood, coal, oil, or gas) and nuclear powered stations. However, the Codes are only applicable to the non-radioactive aspects of nuclear-powered stations. This report outlines environmental concerns related to the decommissioning of SEPG stations"--Abstract. |
| 530 | |aIssued also in print format. |
| 546 | |aAbstract in English and French. |
| 650 | 0|aSteam power plants|xEnvironmental aspects|zCanada. |
| 650 | 0|aElectric power-plants|xEnvironmental aspects|zCanada. |
| 710 | 1 |aCanada. |bEnvironmental Protection Directorate. |bIndustrial Programs Branch, |eissuing body. |
| 775 | 08|tCode de recommandations techniques pour la protection de l'environnement applicable aux centrales thermiques : |w(CaOODSP)9.959652 |
| 776 | 0#|tEnvironmental codes of practice for steam electric power generation: decommissioning phase / |w(CaOODSP)9.608634 |
| 830 | #0|aReport (Canada. Environment Canada)|vEPS 1/PG/6.|w(CaOODSP)9.851520 |
| 856 | 40|qPDF|s2.58 MB|uhttps://publications.gc.ca/collections/collection_2022/eccc/En49-9-1-6-eng.pdf |